000 01117nam a22003017a 4500
001 7767
003 FISKH
005 20250805103833.0
008 250805b cb ||||| |||| 00| 0 eng d
020 _a9780545234900
040 _aFISKH
_beng
_cFISKH
_dFISKH
050 _aPZ7.T78124 N
082 _a813.54
100 _aTrueit, Trudi
245 _aSecrets of a lab rat :
_bNo girls allowed (Dogs okay) /
_cTrudi Trueit ; Illustrated by Jim Paillot
250 _aThis edition first published in 2010
260 _aNew York :
_bScholastic,
_c2009
300 _a118 pages :
_billustrations ;
_c20 cm
505 _aJ
520 _aFearless nine-year-old "Scab" McNally tries to get his twin sister's help in convincing their parents to let them get a dog, but when he embarrasses her in school with a particularly obnoxious invention, it looks like he has lost her cooperation forever.
521 8 _a480
_bLexile
521 8 _aJ
_bRaz-Plus
650 _2Dogs
_aSuperstar boys
650 _2Stink
_aChapter Books/Novels
700 _aPaillot, JIm
_dillustrator
942 _2ddc
_cBK
_n0
999 _c7767
_d7767